| 000 | 003130000a22000970004500 | ||
|---|---|---|---|
| 100 | 1 | _aDeSilva, David A. | |
| 245 | 1 | 0 | _aWorthy of his kingdom : Honor discourse and social engineering in 1 Thessalonians |
| 300 | _aNúm 64 (1996), Páginas 49-79 | ||
| 773 | 0 | _tJournal for the Study of the New Testament | |
| 942 | _cANA | ||
| 999 |
_c56084 _d56084 |
||